000 00731nam a2200217 a 4500
001 000040720
005 20250925082330.0
008 130905s2011 sp 000 0 spa d
020 _a9788499381039
040 _aDO-SdBNP
_bspa
_cBNPHU
082 _a338.542
_bG633e, 2011
100 1 _aGómez Serrano, Pedro José
_967112
245 1 0 _aEconomía política de la crisis /
_cPedro José Gómez Serrano.
250 _a2a ed.
260 _aMadrid :
_bComplutense,
_c2011.
300 _a353 p. ;
_c25 cm.
500 _aIncluye referencias bibliográficas y notas al pie de las páginas
650 0 _aCrisis económica
_99159
650 0 _a Relaciones económicas internacionales
_91067
910 _aValidado. Control de calidad MFF
999 _c40210
_d40210